El Cristo preexistente
Uloženo v:
| Hlavní autor: | |
|---|---|
| Médium: | Kniha |
| Jazyk: | španělština |
| Vydáno: |
Santiago, Chile.
Ediciones UC,
2016
|
| Vydání: | 1a. ed |
| Témata: | |
| Tagy: |
Přidat tag
Žádné tagy, Buďte první, kdo vytvoří štítek k tomuto záznamu!
|
MARC
| LEADER | 00000cam a2200000 a 4500 | ||
|---|---|---|---|
| 001 | UCD9654 | ||
| 003 | CL-VaPUC | ||
| 005 | 20211030074405.0 | ||
| 008 | 170630e20160000cl |||||||||||||||||spa|d | ||
| 020 | |a 9789561419339 | ||
| 040 | |c Pontificia Universidad Católica de Valparaíso | ||
| 082 | 0 | 4 | |a 291 SOU 2016 |2 21 |
| 100 | 0 | |a Soublette Asmussen, Gastón |e author |9 593318 | |
| 245 | 1 | 3 | |a El Cristo preexistente |
| 250 | |a 1a. ed | ||
| 260 | |a Santiago, Chile. |b Ediciones UC, |c 2016 | ||
| 300 | |a 249 páginas | ||
| 583 | |a last modification |c 20170630 21:31:00 |k Rodrigo Vera | ||
| 650 | 0 | |a Religiones comparadas |9 349653 | |
| 650 | 0 | |a Religiones antiguas |9 314285 | |
| 942 | |c BK |2 ddc | ||
| 945 | |d 20170630 21:31:00 |a dcastane | ||
| 999 | |c 368730 |d 368728 | ||
| 952 | |0 0 |1 0 |3 erb |4 0 |6 291_000000000000000_SOU_2016 |7 0 |8 A |9 484144 |a BIBTEO |b BIBTEO |d 2019-12-05 |e 3 |g 14529.00 |i 5403421 |o 291 SOU 2016 |p 5403421 |r 2024-01-18 |w 2019-11-24 |y BK |z Catalogado en:20170630 |k ICR | ||
| 952 | |0 0 |1 0 |2 ddc |4 0 |6 291_000000000000000_SOU_2016 |7 0 |8 A |9 494901 |a BIBARQ |b BIBARQ |d 2019-12-05 |e 3 |g 14529.00 |i 5566924 |l 1 |o 291 SOU 2016 |p 5566924 |r 2025-01-20 |s 2022-04-04 |t 1 |v 14529.00 |w 2019-12-05 |y BK | ||